<?xml version="1.0" encoding="UTF-8"?>
<record
    xmlns:xsi="http://www.w3.org/2001/XMLSchema-instance"
    xsi:schemaLocation="http://www.loc.gov/MARC21/slim http://www.loc.gov/standards/marcxml/schema/MARC21slim.xsd"
    xmlns="http://www.loc.gov/MARC21/slim">

  <leader>00963nam a22002537a 4500</leader>
  <controlfield tag="005">20170123164201.0</controlfield>
  <datafield tag="010" ind1=" " ind2=" ">
    <subfield code="a">B-230811</subfield>
  </datafield>
  <datafield tag="020" ind1=" " ind2=" ">
    <subfield code="c">50.00</subfield>
    <subfield code="a">9788171421404</subfield>
  </datafield>
  <datafield tag="035" ind1=" " ind2=" ">
    <subfield code="a">B-230811</subfield>
  </datafield>
  <datafield tag="037" ind1=" " ind2=" ">
    <subfield code="b">Cen Lib/Ret</subfield>
  </datafield>
  <datafield tag="040" ind1=" " ind2=" ">
    <subfield code="a">DPL</subfield>
    <subfield code="b">PN</subfield>
  </datafield>
  <datafield tag="082" ind1=" " ind2=" ">
    <subfield code="a">158.1</subfield>
    <subfield code="b"> &#xA2E;&#xA3E;&#xA30;&#xA21;</subfield>
  </datafield>
  <datafield tag="100" ind1=" " ind2=" ">
    <subfield code="a">&#xA2E;&#xA3E;&#xA30;&#xA21;&#xA28;, &#xA38;&#xA4D;&#xA35;&#xA47;&#xA1F; </subfield>
    <subfield code="9">132983</subfield>
  </datafield>
  <datafield tag="245" ind1=" " ind2=" ">
    <subfield code="a">&#xA38;&#xA2B;&#xA32;&#xA24;&#xA3E; &#xA26;&#xA40; &#xA2E;&#xA42;&#xA32; &#xA15;&#xA41;&#xA70;&#xA1C;&#xA40; </subfield>
    <subfield code="c">&#xA38;&#xA4D;&#xA35;&#xA47;&#xA1F; &#xA2E;&#xA3E;&#xA30;&#xA21;&#xA28; </subfield>
  </datafield>
  <datafield tag="246" ind1=" " ind2=" ">
    <subfield code="a">Safalta di mool kunji /</subfield>
    <subfield code="b">by Swet Marden </subfield>
  </datafield>
  <datafield tag="260" ind1=" " ind2=" ">
    <subfield code="a">&#xA1A;&#xA70;&#xA21;&#xA40;&#xA17;&#xA5C;&#xA4D;&#xA39; </subfield>
    <subfield code="b">&#xA32;&#xA4B;&#xA15; &#xA17;&#xA40;&#xA24; &#xA2A;&#xA4D;&#xA30;&#xA15;&#xA3E;&#xA38;&#xA3C;&#xA28; </subfield>
    <subfield code="c">2007</subfield>
  </datafield>
  <datafield tag="270" ind1=" " ind2=" ">
    <subfield code="b">&#xA1A;&#xA70;&#xA21;&#xA40;&#xA17;&#xA5C;&#xA4D;&#xA39; </subfield>
    <subfield code="a">SCO 26-27, Sector 34A</subfield>
    <subfield code="e">160022</subfield>
  </datafield>
  <datafield tag="300" ind1=" " ind2=" ">
    <subfield code="a">124p ; </subfield>
    <subfield code="c">24cm(Hb)</subfield>
  </datafield>
  <datafield tag="650" ind1=" " ind2=" ">
    <subfield code="a">&#xA2E;&#xA28; &#xA2E;&#xA41;&#xA39;&#xA3E;&#xA30;&#xA24;</subfield>
    <subfield code="9">1549</subfield>
  </datafield>
  <datafield tag="650" ind1=" " ind2=" ">
    <subfield code="a">&#xA2E;&#xA28;&#xA4B;&#xA35;&#xA3F;&#xA17;&#xA3F;&#xA06;&#xA28; - &#xA38;&#xA35;&#xA48; &#xA28;&#xA3F;&#xA35;&#xA47;&#xA38;&#xA3C;</subfield>
    <subfield code="9">79192</subfield>
  </datafield>
  <datafield tag="650" ind1=" " ind2=" ">
    <subfield code="a">Psychology--Self investment</subfield>
    <subfield code="9">82609</subfield>
  </datafield>
  <datafield tag="650" ind1=" " ind2=" ">
    <subfield code="a">Mind mastery</subfield>
    <subfield code="9">82610</subfield>
  </datafield>
  <datafield tag="942" ind1=" " ind2=" ">
    <subfield code="2">ddc</subfield>
    <subfield code="c">PN</subfield>
    <subfield code="h">158.1</subfield>
    <subfield code="m"> &#xA2E;&#xA3E;&#xA30;&#xA21;</subfield>
  </datafield>
  <datafield tag="999" ind1=" " ind2=" ">
    <subfield code="c">111048</subfield>
    <subfield code="d">111048</subfield>
  </datafield>
  <datafield tag="952" ind1=" " ind2=" ">
    <subfield code="0">0</subfield>
    <subfield code="1">0</subfield>
    <subfield code="4">0</subfield>
    <subfield code="7">0</subfield>
    <subfield code="a">L</subfield>
    <subfield code="b">L</subfield>
    <subfield code="d">2016-02-11</subfield>
    <subfield code="e">Cen Lib/Ret</subfield>
    <subfield code="g">50.00</subfield>
    <subfield code="l">0</subfield>
    <subfield code="o">158.1  &#xA2E;&#xA3E;&#xA30;&#xA21;</subfield>
    <subfield code="p">B-230811</subfield>
    <subfield code="r">2016-02-11 00:00:00</subfield>
    <subfield code="t">1</subfield>
    <subfield code="v">50.00</subfield>
    <subfield code="w">2016-02-11</subfield>
    <subfield code="y">PN</subfield>
  </datafield>
</record>
